00636cam a22002411 4500001001300000003000400013005001700017008004100034010001700075025002000092035002000112040001800132041001100150042001200161050002200173130002200195245002500217260001000242300003900252500005400291700003200345999001700377sa 65007997 DLC20260227112152.0891009s1964 ii ac 000 0 sano  asa 65007997  aPL480:I-San-288 a(OCoLC)20457601 aDLCcWaUdDLC0 asanhin apremarc00aPK3631b.B5 1964b0 aBhagavadgītā.10aGītā navanīta. c1964. a12, 268 p.billus., ports.c19 cm. aHindi and Sanskrit; introductory matter in Hindi.1 aAgrawala, Vasudeva Sharana. c65471d65471